00919nam a22002537a 45000010005000000030006000050050017000110080041000280200018000690400029000870500015001160820012001311000017001432450070001602600037002303000044002674900024003115050008003355200214003435210029005575210020005866500027006067000032006337374FISKH20250711092625.0250711b cb ||||| |||| 00| 0 eng d a9780439944045 aFISKHbengcFISKHdFISKH aDA550 .D43 a941.081 aDeary, Terry aVile victorians / cBy Terry Deary : Illustrated By Martin Brown  aNew York : bScholastic ,c1994. a141 pages : billustrations ;c20 cm .  aHorrible Histories  aR  aAll the foul facts about the Vile Victorians are ready to be uncovered, including: the murderers who wouldn't hang, when the first public loo was flushed and how stag hunting took place in Paddington Station. 8 a660 bLexile estimate 8 aR bRaz-Plus  aVictorianvNon-fiction aBrown, MartineIllustration